书目信息 |
| 题名: |
线性代数与解析几何
|
|
| 作者: | 陈发来 , 陈效群 , 李思敏 , 王新茂 著 | |
| 分册: | ||
| 出版信息: | 北京 高等教育出版社 2018重印 |
|
| 页数: | 247页 | |
| 开本: | 23cm | |
| 丛书名: | iCourse·教材 | |
| 单 册: | ||
| 中图分类: | O151.2 , O182 | |
| 科图分类: | ||
| 主题词: | 线性代数--xian xing dai shu--教材 , 解析几何--jie xi ji he--教材 | |
| 电子资源: | ||
| ISBN: | 978-7-04-043312-8 | |
| 000 | 01389nam 2200385 45 | |
| 001 | 012001001445 | |
| 005 | 20191121103451.07 | |
| 010 | @a978-7-04-043312-8@dCNY29.80 | |
| 099 | @aCAL 012015115950 | |
| 100 | @a20150819d2015 em y0chiy50 ea | |
| 101 | 0 | @achi |
| 102 | @aCN@b110000 | |
| 105 | @aa a 000yy | |
| 106 | @ar | |
| 200 | 1 | @a线性代数与解析几何@Axian xing dai shu yu jie xi ji he@f陈发来 ... [等] |
| 205 | @a第2版 | |
| 210 | @a北京@c高等教育出版社@d2018重印 | |
| 215 | @a247页@c图@d23cm | |
| 225 | 2 | @aiCourse·教材@AiCourse· jiao cai |
| 304 | @a题名页题其余责任者: 陈效群, 李思敏, 王新茂。 | |
| 305 | @a本书初版于2011年 | |
| 320 | @a有书目 | |
| 330 | @a本书内容包括:向量与复数,空间解析几何,线性方程组,矩阵与行列式,线性空间,线性变换,欧几里得空间,实二次型等。本书特点是强调几何与代数的贯通与融合,强调从具体到抽象的思维方式,以及从问题出发引入概念与内容的教学模式。 | |
| 333 | @a适用于高校数学专业师生、数学领域工作者及相关读者。 | |
| 410 | 0 | @12001@@aiCourse·教材 |
| 606 | 0 | @a线性代数@Axian xing dai shu@j教材 |
| 606 | 0 | @a解析几何@Ajie xi ji he@j教材 |
| 690 | @aO151.2@v5 | |
| 690 | @aO182@v5 | |
| 701 | 0 | @a陈发来@Achen fa lai@4著 |
| 701 | 0 | @a陈效群@Achen xiao qun@4著 |
| 701 | 0 | @a李思敏@Ali si min@4著 |
| 701 | 0 | @a王新茂@Awang xin mao@4著 |
| 801 | 0 | @aCN@b北京卓展@c20191020 |
| 905 | @b1201923-6@dO151.2@e415=2@f4 | |
| 线性代数与解析几何/陈发来 ... [等].-第2版.-北京:高等教育出版社,2018重印 |
| 247页:图;23cm.-(iCourse·教材) |
| 使用对象:适用于高校数学专业师生、数学领域工作者及相关读者。 |
| ISBN 978-7-04-043312-8:CNY29.80 |
| 本书内容包括:向量与复数,空间解析几何,线性方程组,矩阵与行列式,线性空间,线性变换,欧几里得空间,实二次型等。本书特点是强调几何与代数的贯通与融合,强调从具体到抽象的思维方式,以及从问题出发引入概念与内容的教学模式。 |
| ● |
| 相关链接 |
|
|
|
|
正题名:线性代数与解析几何
索取号:O151.2/415=2
 
预约/预借
| 序号 | 登录号 | 条形码 | 馆藏地/架位号 | 状态 | 备注 |
| 1 | 1201923 | 212019233 | 第二样本阅览室/ [索取号:O151.2/415=2] | 在馆 | |
| 2 | 1201924 | 212019242 | 第三借阅区/ [索取号:O151.2/415=2] | 在馆 | |
| 3 | 1201925 | 212019251 | 第三借阅区/ [索取号:O151.2/415=2] | 在馆 | |
| 4 | 1201926 | 212019260 | 第三借阅区/ [索取号:O151.2/415=2] | 在馆 |